000
00335nam a2200145Ia 4500
008
210210b1924 xxu||||| |||| 00| 0 eng d
041
_a
eng
082
_a
821/209
100
_a
DONNE (J)
245
_a
Poems
260
_a
London
_b
Oxford University Press
_c
1924
650
_a
Poems
690
_a
English Literature
906
_a
011378
999
_c
130053
_d
130053